000 00429nam a2200181Ia 4500
008 100917s9999 xx 000 0 und d
082 _b47180
100 _aNigel Tranter
245 _aTo The Rescue
260 _bDennis Dobson
_c1968
300 _a127
365 _b0
520 _aबालविभाग
630 _aTo The Rescue
650 _aबालविभाग
730 _aTo The Rescue
942 _cBOOK
999 _c652574
_d652571